| 000 | 00800nam a22002537a 4500 | ||
|---|---|---|---|
| 003 | CHAP | ||
| 005 | 20220329135214.0 | ||
| 008 | 971013s r 00010 d | ||
| 010 | _a32570 | ||
| 011 | _a33542 | ||
| 035 | _a37658 | ||
| 040 | _cCHAP | ||
| 090 | _aR-1751 | ||
| 100 | 0 | 0 |
_aMatthews, E. G. _973076 |
| 245 | _aNueva especie de Copris (Col., Scarab) y clave para la determinación de las especies mexicanas del género | ||
| 260 |
_aSobretiro de: _bCiencia. México 19(6-7): _b133-136, 1959 |
||
| 500 | _aSobretiro de: Ciencia. México 19(6-7):133-136, 1959 | ||
| 590 |
_aBATCH-UPD _b10 _c20130110 _lUCH01 _h2139 |
||
| 590 |
_aCONVERSION _b10 _c20130109 _lUCH01 _h1318 |
||
| 650 | 1 | 4 |
_aCopris. _927908 |
| 901 | _aBK | ||
| 942 | _cREIMP | ||
| 949 |
_aR-1751 _bBC _cR _d-86287 _eTS1 _i37658 _si |
||
| 999 |
_c32570 _d32570 |
||